Il medico pratico di fronte ai problemi della sessualità

সংরক্ষণ করুন:
গ্রন্থ-পঞ্জীর বিবরন
প্রধান লেখক: Green Richard
বিন্যাস: গ্রন্থ
ভাষা:অজানা বা ভুল ভাষা
প্রকাশিত: Roma Il pensiero scientifico 1977
ট্যাগগুলো: ট্যাগ যুক্ত করুন
কোনো ট্যাগ নেই, প্রথমজন হিসাবে ট্যাগ করুন!

MARC

LEADER 00000nam a2200000Ia 4500
001 211
003 NUMERAZIONE-ORIGINALE-BRESCIA
005 20260206230750.0
008 260206s9999 xx 000 0 und d
100 |a Green Richard 
245 0 |a Il medico pratico di fronte ai problemi della sessualità 
260 |a Roma 
260 |b Il pensiero scientifico 
260 |c 1977 
942 |2 ddc  |c BK  |n 0 
952 |0 0  |1 0  |2 ddc  |4 0  |6 25  |7 0  |9 28411  |a BS  |b BS  |d 2026-02-06  |i 211  |l 0  |o 2-5-*  |r 2026-02-06 22:40:34  |w 2026-02-06  |x [REVISIONARE]  |y BK 
999 |c 24092  |d 24092